Регионална библиотека "Любен Каравелов" - Русе

От Балкана до Дунав (Запис номер 328049)

MARC детайли
000 -Лидер
Контролно поле с фиксирана дължина 01366nam a2200361 a 4500
003 - Код на организацията, давaща контролен номер
Контролно поле BLK
005 - Дата и час на последна редакция
Контролно поле 20250701144716.0
008 - Елементи от данни с фиксирана дължина
fixed length control field 181218b bu ||||| |||| 00| 0 bu d
020 ## - Международен стандартен номер на книга ISBN
Международен стандартен номер на книга ISBN 978-954-28-2763-4
040 ## - Източник на каталожния запис
Идентификатор на билиотеката - собственик на записа BLK
041 ## - Код за език
Код за езика на текст/звукозапис или на отделно заглавие Български
Код за езика КДБФ Български
080 ## - УДК
Текстов определител УДК География на България
УДК код - определител по УДК 913(497.2)
080 ## - УДК
Текстов определител УДК Краезнание
УДК код - определител по УДК 908
100 ## - Редна дума - Автор
Автор Николаева, Весела
Авторска отговорност първи автор
R(LIN) 1299
139 ## - Редно поле
Редна дума Николаева, Весела
Авторски знак Никол - Н 72
245 ## - Сведения за заглавието
Заглавие От Балкана до Дунав
Подзаглавни данни Идеи за пътешествия в Дунавска България
Редно поле (дума) Весела Николаева и др.
260 ## - Област на издателските данни
9 (RLIN) 217021
Място на издаване, разпространение и проч. София
Име на издателя, разпространителя и проч. Сиела Норма
Година на издаване 2018
300 ## - Физическа характеристика
Страници 232 с.
Илюстрации и др. със сн.
380 ## - Жанр
Жанр География
650 #7 - Допълнително описание по предмет – тема
9 (RLIN) 159613
Основно описание – тема или топоним Краезнание
651 #0 - Допълнително описание по предмет - топоним
9 (RLIN) 249743
Географско понятие Стара планина
651 #7 - Допълнително описание по предмет - топоним
9 (RLIN) 178850
Географско понятие Дунавска равнина
651 #7 - Допълнително описание по предмет - топоним
9 (RLIN) 178849
Географско понятие Дунав
653 #7 - Ключова дума – ненормативна
9 (RLIN) 195012
Ключова дума пътешествия
653 #7 - Ключова дума – ненормативна
9 (RLIN) 198787
Ключова дума туристически маршрути
700 ## - Други автори (авторска отговорност)
Лично име Гавраилов, Гавраил
Автороска отговорност (Описва отношението между автора и произведението) съавт.
9 (RLIN) 1445
700 ## - Други автори (авторска отговорност)
Лично име Михов, Михаил
Автороска отговорност (Описва отношението между автора и произведението) съавт.
9 (RLIN) 1445
852 ## - Местоположение
Фондова буква Заемна - подръчен фонд
Систематично-азбучна сигнатура П 913(497.2)/Н 72
852 ## - Местоположение
Систематично-азбучна сигнатура К 91/Н 72
999 ## - СИСТЕМНИ КОНТРОЛНИ НОМЕРА
Koha biblionumber 328049
Koha biblioitemnumber 328049
942 ## - АРТИКУЛИ
Скрит в OPAC Не
Вид на библиотечния материал Книги
Koha issues (borrowed), all copies 30
Периодичен библиозапис Да
999 ## - СИСТЕМНИ КОНТРОЛНИ НОМЕРА
Koha biblioitemnumber 328049
944 ## - СЪЗДАВАНЕ И РЕДАКЦИЯ на ЗАПИСА
Служител, извършил регистрацията/редакцията 30531
Статус, дата на статуса Цветелина Шанова
Наличности
Код за отписване Код за изгубен артикул Източник на класификационната схема Код за повреда Код за отдаване Артикулен № Име на библиотеката - собственик Име на библиотеката, в която се намира в момента Статус (Текущо местоположение) Дата на вписване в системата Местоположение - отдел Цена в лева Систематично азбучна сигнатура Баркод Цена в евро Служебен тип на артикула Коз за рестрикции
  Не е изгубен Universal Decimal Classification Не е повреден заемане за дома 687808 Регионална библиотека "Любен Каравелов" Русе Регионална библиотека "Любен Каравелов" Русе Заемна - подръчен фонд 2018-12-27 Заемна - подръчен фонд 17.90 П 913(497.2)/Н 72 120000828560 9.15 Книги  
  Не е изгубен Universal Decimal Classification Не е повреден заемане за дома 687809 Регионална библиотека "Любен Каравелов" Русе Регионална библиотека "Любен Каравелов" Русе Краезнание 2018-12-27 Краезнание 17.90 К 91/Н 72 120000828561 9.15 Книги  
  Не е изгубен Universal Decimal Classification Не е повреден заемане за дома 692947 Регионална библиотека "Любен Каравелов" Русе Регионална библиотека "Любен Каравелов" Русе Заемна - подръчен фонд 2019-03-11 Заемна - подръчен фонд 8.95 913(497.2)/Н 72 120000830854 4.58 Книги без рестрикции
  Не е изгубен Universal Decimal Classification Не е повреден заемане за дома 692948 Регионална библиотека "Любен Каравелов" Русе Регионална библиотека "Любен Каравелов" Русе Заемна - подръчен фонд 2019-03-11 Заемна - подръчен фонд 8.95 913(497.2)/Н 72 120000830853 4.58 Книги без рестрикции
  Не е изгубен Universal Decimal Classification Повреден заемане за дома 750353 Регионална библиотека "Любен Каравелов" Русе Регионална библиотека "Любен Каравелов" Русе Заемна - подръчен фонд 2019-12-03 Заемна - подръчен фонд 12.53 П 913(497.2)/Н 72 120000838928 6.41 Книги  
Vip Innovations Ltd, Rousse, Bulgaria 2025